000 00591nam a2200193 4500
001 174978
003 ES-MaACL
005 20250807063223.0
008 100831s2006 sp a |||| | spa d
020 _a84-611-4009-5
080 _a821.134.2-14"19"
100 1 _aAganzo, Carlos,
_d1963-
_918531
245 1 3 _aLa hora de los juncos /
_cSusana Saura [ilustraciones] ; Carlos Aganzo [textos].
260 _aÁvila :
_bSenén,
_c2006.
300 _a108 p. :
_bil. ;
_c32 x 12 cm.
700 1 _aSaura, Susana.
_9143309
852 _aES-MaACL
_j2281-F-17
999 _c174978
_d174978